UBT Library

Advances in teaching organic chemistry / (Record no. 43219)

000 -LEADER
fixed length control field 00946cam a2200241 i 4500
001 - CONTROL NUMBER
control field 17516472
005 - DATE AND TIME OF LATEST TRANSACTION
control field 20180222092542.0
008 - FIXED-LENGTH DATA ELEMENTS--GENERAL INFORMATION
fixed length control field 121102t20122012dcua b 101 0 eng
010 ## - LIBRARY OF CONGRESS CONTROL NUMBER
LC control number 2012033175
020 ## - INTERNATIONAL STANDARD BOOK NUMBER
International Standard Book Number 9780841227415 (hc : alk. paper)
040 ## - CATALOGING SOURCE
Original cataloging agency DLC
Language of cataloging eng
Transcribing agency DLC
Description conventions rda
Modifying agency DLC
041 ## - LANGUAGE CODE
Language code of text/sound track or separate title eng
042 ## - AUTHENTICATION CODE
Authentication code pcc
080 ## - UNIVERSAL DECIMAL CLASSIFICATION NUMBER
Universal Decimal Classification number 547.0071mor
082 00 - DEWEY DECIMAL CLASSIFICATION NUMBER
Classification number 547.0071 mor
Edition number 23
100 ## - Rafti
Rafti 12
101 ## - Shkurtesa
Shkurtesa kim
245 00 - TITLE STATEMENT
Title Advances in teaching organic chemistry /
Statement of responsibility, etc Jetty L. Duffy-Matzner, Editor, Augustana College Sioux Falls, SD ; Kimberly A.O. Pacheco, Editor, University of Northern Colorado, Greeley, CO.
504 ## - BIBLIOGRAPHY, ETC. NOTE
Bibliography, etc Includes bibliographical references and indexes.
906 ## - LOCAL DATA ELEMENT F, LDF (RLIN)
a 7
b cbc
c orignew
d 1
e ecip
f 20
g y-gencatlg
942 ## - ADDED ENTRY ELEMENTS (KOHA)
Source of classification or shelving scheme
Item type Books
Holdings
Withdrawn status Lost status Source of classification or shelving scheme Damaged status Not for loan Collection code Permanent location Current location Shelving location Date acquired Total Checkouts Full call number Barcode Date last seen Price effective from Koha item type
          Koleksioni i përgjithshem UBT - Lipjan UBT - Lipjan Koleksioni i përgjithshem 02/22/2018   547.0071 mor 002-2999751 02/22/2018 02/22/2018 Books
UBT Library © 2015-2024. All rights reserved University Education for Business and Technology